000 00876nam a2200193 4500
005 20260119053850.0
008 260109b |||||||| |||| 00| 0 eng d
020 _a9781933820231
041 _aEnglish
082 _a745.4
_bJON
100 _aJones Peter H.
_9216256
245 _aDesign for Care: Innovating Healthcare Experience
260 _aNew York
_bRosenfeld Media
_c2013
300 _a356
365 _b3052.01
_cRs.00
520 _aPART I RETHINKING CARE & ITS CONSUMERS 1. Design as caregiving 2. Co-creating care 3. Seeking health PART II RETHINKING PATIENTS 4. Design for patient agency 5. Patient-centered service design PART III RETHINKING CARE SYSTEMS 6. Design at the point of care 7. Designing healthy information technology 8. Systemic design for healthcare innovation 9. Designing healthcare futures
650 _aDesign
942 _cBK
999 _c369802
_d369802